De la Guerra a la Rebelión : (Record no. 4974)

000 -CABECERA
fixed length control field 00949nam a22002537a 4500
003 - IDENTIFICADOR DEL NÚMERO DE CONTROL
control field AR-CdUCM
008 - DATOS DE LONGITUD FIJA--INFORMACIÓN GENERAL
fixed length control field 190311b ||||| |||| 00| 0 spa d
040 ## - FUENTE DE LA CATALOGACIÓN
Agencia/entidad que catalogó originalmente la obra MUNICIPALIDAD PROVINCIAL DEL CUSCO
Entidad que transcribió la catalogación BIBLIOTECA MUNICIPAL DEL CUSCO
082 ## - NÚMERO DE LA CLASIFICACIÓN DECIMAL DEWEY
No. de Clasificación 985.54 /
Notacion interna H97
100 ## - ENTRADA PRINCIPAL--NOMBRE DE PERSONA
Nombre Personal Husson Patrick
245 ## - MENCIÓN DE TÍTULO
Título De la Guerra a la Rebelión :
Resto del título Huanta, siglo XIX /
260 ## - PUBLICACIÓN, DISTRIBUCIÓN, ETC.
Lugar de publicación, distribución, etc. Cusco - Perú :
Nombre de la editorial, distribuidor, etc. Centro de Estudios Regionales Andinos ;
Fecha de publicación, distribución, etc. 1992.
300 ## - DESCRIPCIÓN FÍSICA
Nº de Páginas Extensión 246 páginas ;
Otros detalles físicos Tablas
Dimensiones 24cm
440 ## - MENCIÓN DE SERIE/PUNTO DE ACCESO ADICIONAL--TÍTULO
Título Colección Archivos de Historia Andina
Número de la parte/sección de una obra 14
9 (RLIN) 15236
505 ## - NOTA DE CONTENIDO CON FORMATO
Nota de contenido formateada Contenido: Crónica de guerra -- El efecto coyuntura -- El efecto estructura...
650 ## - PUNTO DE ACCESO ADICIONAL DE MATERIA--TÉRMINO DE MATERIA
Descriptor Rebelión
9 (RLIN) 3924
650 ## - PUNTO DE ACCESO ADICIONAL DE MATERIA--TÉRMINO DE MATERIA
Descriptor Ideología
9 (RLIN) 8580
650 ## - PUNTO DE ACCESO ADICIONAL DE MATERIA--TÉRMINO DE MATERIA
Descriptor Ideología política
9 (RLIN) 15237
650 ## - PUNTO DE ACCESO ADICIONAL DE MATERIA--TÉRMINO DE MATERIA
Descriptor Indios
9 (RLIN) 631
650 ## - PUNTO DE ACCESO ADICIONAL DE MATERIA--TÉRMINO DE MATERIA
Descriptor Campesinos
9 (RLIN) 4401
710 ## - PUNTO DE ACCESO ADICIONAL--NOMBRE DE ENTIDAD CORPORATIVA
Nombre corporativo (En letras Mayúsculas) Centro de Estudios Regionales Andinos Bartolomé de Las Casas - Cusco
9 (RLIN) 15238
942 ## - ELEMENTOS DE PUNTO DE ACCESO ADICIONAL (KOHA)
Fuente de clasificación
Tipo de item Libros-BMC
945 ## - PROCESAMIENTO DE INFORMACIÓN LOCAL (OCLC)
Catalogador nom
Holdings
Estado de retiro (separado) Fuente de clasificación o esquema de estanterías Estado dañado Ubicación Sala donde se ubica Nombre de la colección Fecha de adquisición o compra Costo, precio normal en soles Signatura topográfica Código de Barras Última vez visto (Koha) Tipo de ítem (Koha)
No     Sala Humanidades Sala Humanidades Book Cart 2019-03-11 60.00 985.54 / H97 SH0000005478 2019-03-11 Libros-BMC

Powered by Koha